[Event "Tournoi des pays de l'OTAN 2012"]
[Site "BREST (France)"]
[Date "2012.10.01"]
[Round "1.1"]
[White "Berrak, Sedat"]
[Black "Drabke, Lorenz Maximilian"]
[Result "0-1"]
[WhiteElo "2040"]
[BlackElo "2411"]
[PlyCount "62"]

1. Nf3 c5 2. c4 Nf6 3. g3 b6 4. Bg2 Bb7 5. O-O e6 6. Nc3 Be7 7. d3 O-O 8. e4 d6
9. Nd2 Nc6 10. f4 a6 11. h3 b5 12. Kh2 Qb6 13. b3 Nd7 14. Nf3 Bf6 15. Bd2 b4
16. Na4 Qc7 17. Rb1 a5 18. g4 Nd4 19. g5 Nxf3+ 20. Rxf3 Bd4 21. h4 Bc6 22. Nb2
f5 23. Rg3 Rae8 24. Qe2 e5 25. Nd1 exf4 26. Bxf4 fxe4 27. Qd2 e3 28. Rxe3 Bxe3
29. Bxe3 d5+ 30. Kh1 d4 31. Bg1 Rf1 0-1

[Event "Tournoi des pays de l'OTAN 2012"]
[Site "BREST (France)"]
[Date "2012.10.01"]
[Round "1.2"]
[White "Wantiez, Fabrice"]
[Black "Nielsen, Henrik"]
[Result "1-0"]
[WhiteElo "2337"]
[BlackElo "2037"]
[PlyCount "109"]

1. e4 c5 2. Nf3 Nc6 3. d4 cxd4 4. Nxd4 e5 5. Nb5 a6 6. Nd6+ Bxd6 7. Qxd6 Qf6 8.
Qxf6 Nxf6 9. Nc3 d5 10. exd5 Nb4 11. Bd3 Nfxd5 12. Nxd5 Nxd5 13. Bd2 Be6 14.
O-O-O f6 15. Ba5 Ne7 16. Be4 Nc6 17. Bb6 Rc8 18. a3 g6 19. h4 Ke7 20. h5 f5 21.
Bd5 Bxd5 22. Rxd5 Ke6 23. Rhd1 Rhe8 24. Rd6+ Kf7 25. Rd7+ Re7 26. Bc5 Rxd7 27.
Rxd7+ Kg8 28. hxg6 hxg6 29. Bb6 Rb8 30. f3 Kf8 31. Bc5+ Kg8 32. Bd6 Rd8 33.
Rxd8+ Nxd8 34. Bxe5 Kf7 35. c4 Ke6 36. Bc3 Nf7 37. Kd2 Nd6 38. Kd3 f4 39. Bd4
Nf5 40. Bf2 g5 41. b4 Ke5 42. a4 Ne7 43. b5 Nf5 44. Kc3 Ne3 45. Bxe3 fxe3 46.
Kd3 e2 47. Kxe2 Kd4 48. g3 Kxc4 49. bxa6 bxa6 50. Ke3 Kd5 51. f4 gxf4+ 52. Kxf4
Ke6 53. Kg5 Kf7 54. Kf5 a5 55. Ke5 1-0

[Event "Tournoi des pays de l'OTAN 2012"]
[Site "BREST (France)"]
[Date "2012.10.01"]
[Round "1.3"]
[White "Pazeriene, Diana"]
[Black "Helbig, Mark"]
[Result "1/2-1/2"]
[WhiteElo "2030"]
[BlackElo "2308"]
[PlyCount "90"]

1. d4 Nf6 2. Nf3 e6 3. c4 b6 4. a3 Bb7 5. Nc3 d5 6. Bg5 Be7 7. e3 Nbd7 8. Bd3
O-O 9. O-O c5 10. Qe2 Re8 11. Rfd1 cxd4 12. exd4 Rc8 13. Ne5 dxc4 14. Bxc4 Nd5
15. Bxd5 exd5 16. Be3 Nxe5 17. dxe5 Bc5 18. f4 f6 19. Bxc5 bxc5 20. Qb5 Ba8 21.
exf6 Qxf6 22. Nxd5 Qf5 23. Nc7 Rf8 24. Qc4+ Kh8 25. Nxa8 Rxa8 26. Rd5 Qg4 27.
Rf1 Rae8 28. h3 Qg3 29. Qxc5 Rxf4 30. Rf5 Rxf5 31. Qxf5 h6 32. Qf2 Qc7 33. Re1
Rd8 34. Qe3 Rb8 35. b4 a5 36. Rb1 Qc6 37. Qa7 Ra8 38. Qc5 Qe4 39. Rc1 axb4 40.
axb4 Ra2 41. Qf8+ Kh7 42. Qf1 Rb2 43. Rd1 Rxb4 44. Qd3 Qxd3 45. Rxd3 Rf4
1/2-1/2

[Event "Tournoi des pays de l'OTAN 2012"]
[Site "BREST (France)"]
[Date "2012.10.01"]
[Round "1.4"]
[White "Petersen, Finn"]
[Black "Choate, Paul"]
[Result "1-0"]
[WhiteElo "2291"]
[BlackElo "2024"]
[PlyCount "131"]

1. c4 e6 2. d4 Nf6 3. Bg5 h6 4. Bxf6 Qxf6 5. Nf3 b6 6. e3 Bb7 7. Be2 Bb4+ 8.
Nbd2 O-O 9. a3 Bxd2+ 10. Qxd2 d6 11. O-O Nd7 12. b4 Rfd8 13. Rfd1 a5 14. Ne1 e5
15. Bf3 e4 16. Bg4 Nf8 17. b5 Qg5 18. Bh3 f5 19. g3 Qh5 20. Bf1 Nd7 21. Qe2 Qf7
22. Rac1 g5 23. Bg2 g4 24. h3 h5 25. Bf1 Nf6 26. h4 Nd7 27. Ng2 Kh7 28. Nf4 Re8
29. Qb2 Rac8 30. Rd2 Re7 31. Be2 Kh6 32. Bd1 Qf6 33. Bb3 Qg7 34. Qa2 Rce8 35.
c5 bxc5 36. Ne6 Qf6 37. Nxc7 Rc8 38. Nd5 Bxd5 39. Bxd5 Rb8 40. Bc6 cxd4 41.
Rxd4 Ne5 42. Kg2 Nd3 43. Rd1 Rd8 44. Qd2 a4 45. Qa5 Rf8 46. b6 Re5 47. Qxa4 Nb2
48. Qb4 Nxd1 49. Rxd6 Re6 50. Rxe6 Qxe6 51. Qxf8+ Kh7 52. Qd8 Nxe3+ 53. fxe3
Qa2+ 54. Kf1 Qb1+ 55. Ke2 Qc2+ 56. Qd2 Qxc6 57. Qb2 Qc4+ 58. Kf2 Qd3 59. b7 f4
60. gxf4 g3+ 61. Kxg3 Qxe3+ 62. Kg2 Qf3+ 63. Kg1 e3 64. Qc2+ Kh6 65. b8=Q Qg3+
66. Kf1 1-0

[Event "Tournoi des pays de l'OTAN 2012"]
[Site "BREST (France)"]
[Date "2012.10.01"]
[Round "1.5"]
[White "Aagaard, Gert"]
[Black "Sypien, Mateusz"]
[Result "0-1"]
[WhiteElo "2030"]
[BlackElo "2269"]
[PlyCount "102"]

1. d4 g6 2. c4 Bg7 3. e4 d6 4. Nc3 Nf6 5. f3 O-O 6. Be3 Nc6 7. Nge2 a6 8. Qd2
Rb8 9. a4 e5 10. d5 Ne7 11. g4 c6 12. a5 c5 13. Ng3 b6 14. h4 Ne8 15. h5 f5 16.
gxf5 gxf5 17. h6 Bf6 18. Rg1 f4 19. Nh5+ Ng6 20. Nxf6+ Nxf6 21. Bf2 bxa5 22.
Bh4 Kh8 23. Bg5 Rb4 24. Qh2 Qb6 25. Na4 Qb7 26. Rg2 Bd7 27. Nc3 a4 28. Rd2 Rb3
29. Bh3 Bxh3 30. Qxh3 Rxb2 31. Qe6 Ne8 32. Rxa4 Rxd2 33. Kxd2 Qb2+ 34. Kd3 Qg2
35. Be7 Qxf3+ 36. Kc2 Qg2+ 37. Kb3 Nxe7 38. Qxe7 Qg8 39. Rxa6 Qf7 40. Qxf7 Rxf7
41. Kc2 Kg8 42. Kd2 Rd7 43. Ke2 Kf7 44. Kf3 Ke7 45. Kg4 Nf6+ 46. Kf5 Rd8 47.
Nd1 Rf8 48. Nf2 Nxd5+ 49. Kg5 Rg8+ 50. Kh4 Nf6 51. Ra3 Rg6 0-1

[Event "Tournoi des pays de l'OTAN 2012"]
[Site "BREST (France)"]
[Date "2012.10.01"]
[Round "1.6"]
[White "Guidez, Yann-Michael"]
[Black "Koopmeiners, Karl"]
[Result "1/2-1/2"]
[WhiteElo "2262"]
[BlackElo "2015"]
[PlyCount "40"]

1. c4 c6 2. d4 d5 3. e3 Nf6 4. Nc3 e6 5. Nf3 Nbd7 6. Qc2 Bd6 7. Be2 O-O 8. O-O
dxc4 9. Bxc4 e5 10. Rd1 Qe7 11. Bd3 Re8 12. Ne4 Nxe4 13. Bxe4 Nf6 14. dxe5 Bxe5
15. Bf5 Bxf5 16. Qxf5 Bc7 17. Bd2 Ne4 18. Be1 Rad8 19. Nd2 Nxd2 20. Bxd2 Qe5
1/2-1/2

[Event "Tournoi des pays de l'OTAN 2012"]
[Site "BREST (France)"]
[Date "2012.10.01"]
[Round "1.7"]
[White "Patron, Pascal"]
[Black "Rosenkilde, Alexander"]
[Result "0-1"]
[WhiteElo "2015"]
[BlackElo "2260"]
[PlyCount "82"]

1. e4 c5 2. d4 cxd4 3. c3 dxc3 4. Nxc3 Nc6 5. Nf3 d6 6. Bc4 a6 7. O-O Nf6 8. e5
dxe5 9. Qxd8+ Nxd8 10. Nxe5 e6 11. Rd1 Nd7 12. Bf4 Nxe5 13. Bxe5 Nc6 14. Bc7
Nd8 15. Be5 Nc6 16. Bc7 Bd7 17. Ne4 Rc8 18. Bb6 Nb4 19. Rac1 Bc6 20. Bb3 Be7
21. a3 Nd5 22. Bxd5 exd5 23. Rxd5 O-O 24. Re5 Bxe4 25. Re1 Bxg2 26. Rxe7 Bf3
27. R7e3 Bd5 28. Bd4 Rc4 29. Bc3 Be6 30. Rg3 g6 31. Bf6 Rfc8 32. Bc3 Rd8 33. h4
Rd5 34. Bf6 Rf5 35. Bg5 Rc2 36. h5 h6 37. Bxh6 Rxh5 38. Bf4 Rxb2 39. Rd3 Kh7
40. Rd8 Bd5 41. Rxd5 Rxd5 0-1

[Event "Tournoi des pays de l'OTAN 2012"]
[Site "BREST (France)"]
[Date "2012.10.01"]
[Round "1.8"]
[White "Giua, Frederic"]
[Black "Redman, Michael"]
[Result "1-0"]
[WhiteElo "2237"]
[BlackElo "2075"]
[PlyCount "63"]

1. Nf3 Nf6 2. c4 e6 3. d4 d5 4. Nc3 Bb4 5. Qb3 Bxc3+ 6. bxc3 O-O 7. e3 Nc6 8.
cxd5 exd5 9. Bd3 Re8 10. O-O Ne4 11. Nd2 Bf5 12. Bxe4 dxe4 13. Qxb7 Re6 14. Qb5
Ne7 15. Ba3 Nd5 16. c4 c6 17. Qc5 Qh4 18. Rfc1 Rg6 19. cxd5 Qh3 20. g3 Rh6 21.
Nf1 Bg4 22. f3 exf3 23. Rc2 cxd5 24. Qxd5 Re8 25. Rac1 Rhe6 26. Rf2 h5 27. Rc6
Rxe3 28. Nxe3 Rxe3 29. Bb4 Rd3 30. Rc1 Re3 31. Qd8+ Kh7 32. Qh4 1-0

[Event "Tournoi des pays de l'OTAN 2012"]
[Site "BREST (France)"]
[Date "2012.10.01"]
[Round "1.9"]
[White "Baxted, Peter"]
[Black "Nill, Oliver"]
[Result "0-1"]
[WhiteElo "2003"]
[BlackElo "2193"]
[PlyCount "58"]

1. d4 g6 2. c4 Bg7 3. Nc3 d6 4. Nf3 Nf6 5. Bf4 O-O 6. e3 Nbd7 7. h3 Re8 8. Be2
a6 9. O-O e6 10. Rc1 Qe7 11. b4 e5 12. Bh2 e4 13. Nd2 Nf8 14. c5 d5 15. Qb3 Be6
16. b5 a5 17. Na4 h5 18. Qc3 g5 19. Nb3 g4 20. hxg4 Nxg4 21. b6 Nxh2 22. Kxh2
Qh4+ 23. Kg1 c6 24. Qe1 Qg5 25. f4 exf3 26. Rxf3 Bg4 27. Rg3 Rxe3 28. Qf2 Rxb3
29. Rf1 Bxd4 0-1

[Event "Tournoi des pays de l'OTAN 2012"]
[Site "BREST (France)"]
[Date "2012.10.01"]
[Round "1.10"]
[White "Schott, Guido"]
[Black "Kruit, Erik"]
[Result "1/2-1/2"]
[WhiteElo "2192"]
[BlackElo "1994"]
[PlyCount "38"]

1. Nf3 c5 2. e4 e6 3. d3 d5 4. Nbd2 Nc6 5. g3 g6 6. Bg2 Bg7 7. O-O Nge7 8. exd5
exd5 9. d4 c4 10. c3 O-O 11. Re1 Bf5 12. b3 b5 13. a4 b4 14. Bb2 Rc8 15. bxc4
bxc3 16. Bxc3 dxc4 17. Nxc4 Nd5 18. Bb2 Ndb4 19. d5 Bxb2 1/2-1/2

[Event "Tournoi des pays de l'OTAN 2012"]
[Site "BREST (France)"]
[Date "2012.10.01"]
[Round "1.11"]
[White "Portman, Carl"]
[Black "Bohn, Ulrich"]
[Result "0-1"]
[WhiteElo "1994"]
[BlackElo "2184"]
[PlyCount "96"]

1. d4 Nf6 2. c4 c5 3. e3 g6 4. Nc3 Bg7 5. Nf3 O-O 6. Be2 d6 7. dxc5 dxc5 8. O-O
Bf5 9. Nh4 Be6 10. Qc2 Nc6 11. Rd1 Qc7 12. Nb5 Qc8 13. Bd2 a6 14. Nc3 Qc7 15.
f4 Rad8 16. h3 Nb4 17. Qb1 Rd6 18. Be1 Rfd8 19. Rxd6 Qxd6 20. a3 Nd3 21. b3 Bf5
22. Nxf5 gxf5 23. Ra2 Qe6 24. Bf2 Nxf2 25. Kxf2 Ne4+ 26. Nxe4 fxe4 27. b4 b6
28. bxc5 bxc5 29. Qb7 f5 30. Qc7 Qd6 31. Qxd6 Rxd6 32. g4 e6 33. g5 e5 34. Rb2
exf4 35. Rb8+ Kf7 36. Bh5+ Ke6 37. exf4 Rd2+ 38. Be2 Bd4+ 39. Ke1 Be3 40. Rb6+
Rd6 41. Rb7 Bxf4 42. Rxh7 Bxg5 43. h4 Be3 44. Bh5 Ke5 45. Re7+ Kd4 46. Bf7 Bf4
47. h5 Ke3 48. Bg6 Kf3 0-1

[Event "Tournoi des pays de l'OTAN 2012"]
[Site "BREST (France)"]
[Date "2012.10.01"]
[Round "1.13"]
[White "Nyberg, Darwin"]
[Black "Papista, Akos"]
[Result "0-1"]
[WhiteElo "1971"]
[BlackElo "2159"]
[PlyCount "80"]

1. e4 e5 2. f4 Nc6 3. Nf3 f5 4. d3 d6 5. Nc3 Nf6 6. fxe5 dxe5 7. Bg5 h6 8. Bxf6
Qxf6 9. Nd5 Qf7 10. Be2 Be6 11. c4 O-O-O 12. O-O g5 13. b4 Qg7 14. Qa4 Kb8 15.
b5 Bc5+ 16. Kh1 Nd4 17. Nxd4 Bxd4 18. Nb4 f4 19. Rab1 g4 20. Rfc1 Qe7 21. c5
Bxc5 22. Na6+ bxa6 23. bxa6+ Bb6 24. Qc6 Bc8 25. a4 Bxa6 26. a5 Bb7 27. Qa4 Rd4
28. Qa2 h5 29. axb6 cxb6 30. Rc3 Rc8 31. Rbc1 Rxc3 32. Rxc3 Rd8 33. Rc1 Qd7 34.
Bf1 h4 35. h3 Rc8 36. Rxc8+ Bxc8 37. Qg8 g3 38. Qh8 Qd4 39. Qf6 a5 40. Qc6 Bb7
0-1

[Event "Tournoi des pays de l'OTAN 2012"]
[Site "BREST (France)"]
[Date "2012.10.01"]
[Round "1.14"]
[White "Karbowiak, Adam"]
[Black "Engelen, Johan"]
[Result "1/2-1/2"]
[WhiteElo "2154"]
[BlackElo "1953"]
[PlyCount "142"]

1. Nf3 f5 2. g3 Nf6 3. Bg2 g6 4. O-O Bg7 5. d4 O-O 6. b4 Nc6 7. a3 d6 8. Bb2
Ne4 9. b5 Na5 10. Nbd2 d5 11. e3 Nd6 12. Ne5 e6 13. Bc3 Bxe5 14. dxe5 Ndc4 15.
Nb3 c6 16. Qe1 b6 17. Nxa5 bxa5 18. bxc6 Qc7 19. Qd1 Qxc6 20. Qd4 Ba6 21. Rfb1
Rfc8 22. Bf1 Qa4 23. Rb3 Bb5 24. Rab1 a6 25. Bg2 Rd8 26. Qh4 Rd7 27. Rd1 Re8
28. Rd4 Rf7 29. Qg5 Bd7 30. h4 Qc6 31. h5 Nxe5 32. f4 Ng4 33. hxg6 hxg6 34. Rd3
Kh7 35. Qh4+ Nh6 36. Bf6 Rxf6 37. Qxf6 Qxc2 38. Qc3 Qxc3 39. Rdxc3 Bb5 40. Rc7+
Kg8 41. Bf3 a4 42. Rb1 Nf7 43. Kf2 Kg7 44. Be2 Rb8 45. Rc6 Kf6 46. Rxa6 Bxe2
47. Rxb8 Bxa6 48. Rb4 Nd6 49. Rxa4 Bc4 50. Ra8 Ne4+ 51. Kf3 g5 52. fxg5+ Nxg5+
53. Kf2 Ke5 54. a4 d4 55. exd4+ Kxd4 56. a5 Ne4+ 57. Kf3 Nc5 58. Kf4 Bd5 59.
Rd8 Nd3+ 60. Kg5 Nb4 61. g4 fxg4 62. Kxg4 Kc5 63. Rb8 Nc6 64. Rc8 Kb5 65. Kg5
Kxa5 66. Kf6 Kb5 67. Re8 Nd4 68. Ke5 Kc4 69. Kd6 Kd3 70. Ke5 Bb3 71. Rd8 Bd5
1/2-1/2

[Event "Tournoi des pays de l'OTAN 2012"]
[Site "BREST (France)"]
[Date "2012.10.01"]
[Round "1.15"]
[White "Bublys, Vaidotas"]
[Black "Michalski, Daniel"]
[Result "0-1"]
[WhiteElo "1930"]
[BlackElo "2154"]
[PlyCount "34"]

1. d4 Nf6 2. c4 g6 3. Nc3 d5 4. cxd5 Nxd5 5. e4 Nxc3 6. bxc3 Bg7 7. Nf3 c5 8.
Bb2 O-O 9. h3 Nc6 10. Bb5 Nxd4 11. Nxd4 cxd4 12. Rc1 Qb6 13. Qb3 Be6 14. c4
Qa5+ 15. Ke2 a6 16. a4 axb5 17. axb5 Qa2 0-1

[Event "Tournoi des pays de l'OTAN 2012"]
[Site "BREST (France)"]
[Date "2012.10.01"]
[Round "1.16"]
[White "Alaslar, Devrim"]
[Black "Csizmadia, Csaba"]
[Result "1-0"]
[WhiteElo "2153"]
[BlackElo "1913"]
[PlyCount "47"]

1. e4 c5 2. Nc3 e6 3. f4 g6 4. d4 cxd4 5. Qxd4 Nf6 6. Be3 Nc6 7. Qd2 Bb4 8. e5
Ne4 9. Qd3 Nxc3 10. bxc3 Be7 11. Nf3 O-O 12. Be2 d6 13. O-O dxe5 14. fxe5 Qa5
15. Bd4 Rd8 16. Qe3 Qa3 17. Qf4 Nxd4 18. cxd4 Bd7 19. Nd2 Be8 20. Ne4 Rxd4 21.
Nf6+ Kh8 22. Qh6 Rh4 23. Qxh4 Qe3+ 24. Kh1 1-0

[Event "Tournoi des pays de l'OTAN 2012"]
[Site "BREST (France)"]
[Date "2012.10.01"]
[Round "1.17"]
[White "De Cat, Ben"]
[Black "Nielsen, Rene O"]
[Result "1/2-1/2"]
[WhiteElo "1911"]
[BlackElo "2150"]
[PlyCount "45"]

1. d4 Nf6 2. Nc3 d5 3. f3 e6 4. e4 c5 5. Bg5 Be7 6. Bb5+ Nc6 7. Nge2 Qb6 8.
Bxf6 Bxf6 9. exd5 cxd4 10. Ne4 Be7 11. Bxc6+ bxc6 12. d6 Bh4+ 13. g3 f5 14.
gxh4 fxe4 15. Qxd4 Qxd4 16. Nxd4 exf3 17. O-O Kd7 18. Nxf3 Kxd6 19. Rad1+ Kc5
20. Ng5 Rb8 21. Ne4+ Kb6 22. Rf7 Rb7 23. Rdf1 1/2-1/2

[Event "Tournoi des pays de l'OTAN 2012"]
[Site "BREST (France)"]
[Date "2012.10.01"]
[Round "1.18"]
[White "Nielsen, Jan Mose"]
[Black "Parisse, Denis"]
[Result "1-0"]
[WhiteElo "2122"]
[BlackElo "1903"]
[PlyCount "69"]

1. e4 e6 2. d4 d5 3. Nd2 Nf6 4. Bd3 c5 5. c3 Nc6 6. Ngf3 Qb6 7. O-O cxd4 8.
cxd4 Be7 9. e5 Nd7 10. Nb3 O-O 11. Ng5 Bxg5 12. Bxg5 f6 13. exf6 Nxf6 14. a4 e5
15. dxe5 Nxe5 16. Be2 Be6 17. Nd4 Bf7 18. Ra3 Ne4 19. Be3 Nc4 20. Bxc4 dxc4 21.
Nb5 Qa5 22. Nxa7 Rxa7 23. Qd4 Nd2 24. Bxd2 Qa6 25. Bb4 Rfa8 26. Rg3 Bg6 27. Bc5
b6 28. Bxb6 Rb7 29. a5 Qb5 30. h4 Bd3 31. Re1 Rd7 32. Qe3 Qxb2 33. Qe6+ Rf7 34.
Qd5 Raf8 35. Bd4 1-0

[Event "Tournoi des pays de l'OTAN 2012"]
[Site "BREST (France)"]
[Date "2012.10.01"]
[Round "1.19"]
[White "Kaygisiz, Ozgur Can"]
[Black "Tucker, David S"]
[Result "1-0"]
[WhiteElo "1899"]
[BlackElo "2117"]
[PlyCount "81"]
[EventDate "2012.??.??"]

1. e4 c5 2. Nf3 Nc6 3. d4 cxd4 4. Nxd4 g6 5. c4 Nf6 6. Nc3 d6 7. Be2 Nxd4 8.
Qxd4 Bg7 9. f4 O-O 10. Qd3 Bd7 11. Be3 Qa5 12. O-O Bc6 13. Rab1 Qd8 14. b4 b6
15. g4 Rc8 16. g5 Nd7 17. Rbc1 Rc7 18. Nd5 Bxd5 19. cxd5 Qb8 20. Rc6 Rfc8 21.
Rfc1 Nf8 22. Bg4 Rxc6 23. dxc6 Rc7 24. f5 Be5 25. Bd4 Bf4 26. Be3 Be5 27. b5
Qd8 28. h4 Kg7 29. Rf1 f6 30. Bd2 Qb8 31. Qe3 Qd8 32. h5 e6 33. gxf6+ Qxf6 34.
Qh6+ Kg8 35. fxg6 Qg7 36. gxh7+ Nxh7 37. Qxe6+ Kh8 38. Qe8+ Qg8 39. Qxg8+ Kxg8
40. Be6+ Kh8 41. Rf7 1-0

[Event "Tournoi des pays de l'OTAN 2012"]
[Site "BREST (France)"]
[Date "2012.10.01"]
[Round "1.20"]
[White "De Waard, Marco"]
[Black "Kocur, Marc"]
[Result "1/2-1/2"]
[WhiteElo "2117"]
[BlackElo "1891"]
[PlyCount "79"]
[EventDate "2012.??.??"]

1. d4 d6 2. c4 e5 3. Nf3 e4 4. Ng5 Nf6 5. Nc3 Bf5 6. h4 h6 7. Nh3 c6 8. e3 Be7
9. h5 Na6 10. Nf4 Nc7 11. d5 Qd7 12. f3 Bh7 13. Bd2 O-O 14. Be2 cxd5 15. cxd5
b5 16. b4 a5 17. a3 axb4 18. axb4 Rxa1 19. Qxa1 Ra8 20. Qb2 Kh8 21. O-O exf3
22. gxf3 Ng8 23. Ne4 Bxe4 24. fxe4 Bf6 25. Bc3 Qe7 26. Bf3 Ne8 27. Bg2 Rc8 28.
Bd4 Be5 29. Nd3 Bxd4 30. exd4 Ngf6 31. e5 Nxh5 32. Qf2 Rc7 33. Ra1 Ra7 34. Rc1
Ra3 35. Nf4 Qg5 36. Ne2 Ng3 37. Re1 Kh7 38. e6 f6 39. Nxg3 Rxg3 40. Ra1 1/2-1/2

[Event "Tournoi des pays de l'OTAN 2012"]
[Site "BREST (France)"]
[Date "2012.10.01"]
[Round "1.21"]
[White "Adolfssen, Rico"]
[Black "Bieluszewski, Piotr"]
[Result "0-1"]
[WhiteElo "1876"]
[BlackElo "2107"]
[PlyCount "52"]

1. e4 c5 2. Bc4 e6 3. Nc3 a6 4. a4 Nc6 5. f4 Qc7 6. Nf3 Qxf4 7. O-O Qc7 8. d3
Nf6 9. Ne2 d5 10. exd5 exd5 11. Bf4 Bd6 12. Bxd6 Qxd6 13. Ba2 O-O 14. Qd2 Bg4
15. Qg5 h6 16. Qh4 Rae8 17. Rae1 b5 18. axb5 axb5 19. Nc3 Rxe1 20. Qxe1 b4 21.
Ne2 Re8 22. Qd2 Bxf3 23. Rxf3 Qe5 24. Ng3 Qxb2 25. Bb3 Nd4 26. Re3 Nxb3 0-1

[Event "Tournoi des pays de l'OTAN 2012"]
[Site "BREST (France)"]
[Date "2012.10.01"]
[Round "1.22"]
[White "Onley, E J David"]
[Black "Van Den Heuvel, Tonnie"]
[Result "1-0"]
[WhiteElo "2107"]
[BlackElo "1874"]
[PlyCount "69"]

1. e4 c5 2. Nf3 Nc6 3. Bb5 g6 4. O-O Bg7 5. Bxc6 dxc6 6. d3 Nf6 7. Nc3 Qc7 8.
h3 O-O 9. Be3 b6 10. Qd2 e5 11. Bh6 Nh5 12. Bxg7 Kxg7 13. Ne2 f6 14. Nh2 Be6
15. f4 exf4 16. Nxf4 Nxf4 17. Rxf4 Rf7 18. Raf1 Raf8 19. b3 Qd6 20. Kh1 a5 21.
R4f2 Ra8 22. Nf3 Rd7 23. Qc3 Rf8 24. Ng5 Qe7 25. a4 h6 26. e5 f5 27. Nf3 Kh7
28. d4 Rd5 29. Rd2 Qc7 30. Rfd1 cxd4 31. Nxd4 Qxe5 32. Qxc6 Rd6 33. Qc7+ Rf7
34. Qb8 Rd5 35. Qxb6 1-0

[Event "Tournoi des pays de l'OTAN 2012"]
[Site "BREST (France)"]
[Date "2012.10.01"]
[Round "1.23"]
[White "Musselman, Charles"]
[Black "Picart, Laurent"]
[Result "1/2-1/2"]
[WhiteElo "1872"]
[BlackElo "2103"]
[PlyCount "118"]

1. e4 c6 2. d4 d5 3. exd5 cxd5 4. c4 Nf6 5. Nc3 Nc6 6. cxd5 Nxd5 7. Nf3 Bg4 8.
Be2 e6 9. h3 Bh5 10. O-O Bb4 11. Ne4 O-O 12. Be3 Nxe3 13. fxe3 Qd5 14. Nc3 Bxc3
15. bxc3 Na5 16. Ne5 Bxe2 17. Qxe2 Rac8 18. e4 Qd6 19. Rf3 f6 20. Ng4 Qa3 21.
Raf1 Rxc3 22. Nxf6+ gxf6 23. Rxf6 Rxf6 24. Rxf6 Qc1+ 25. Kh2 Qg5 26. Qf2 Rc7
27. Rxe6 Rf7 28. Qg3 Qxg3+ 29. Kxg3 Nc6 30. d5 Rg7+ 31. Kf2 Nd4 32. Rf6 Rf7 33.
Rxf7 Kxf7 34. Ke3 Nc2+ 35. Kf4 Nb4 36. a3 Nd3+ 37. Kf5 b5 38. e5 a5 39. Ke4
Nc5+ 40. Kd4 Nb7 41. g4 h6 42. h4 Kg6 43. e6 a4 44. Kc3 Kf6 45. Kb4 Ke5 46. g5
hxg5 47. hxg5 Kxd5 48. Kxb5 Kxe6 49. Kxa4 Kf5 50. Kb5 Kxg5 51. Kb6 Nd6 52. Kc5
Nb7+ 53. Kb6 Nd6 54. Kc6 Nc4 55. a4 Kf6 56. Kc5 Na5 57. Kb5 Nb3 58. Kb4 Ke6 59.
Kxb3 Kd7 1/2-1/2

[Event "Tournoi des pays de l'OTAN 2012"]
[Site "BREST (France)"]
[Date "2012.10.01"]
[Round "1.24"]
[White "Gooris, Jan"]
[Black "Dilek, Cihan"]
[Result "1-0"]
[WhiteElo "2101"]
[BlackElo "1867"]
[PlyCount "73"]

1. d4 Nf6 2. Nf3 g6 3. g3 Bg7 4. Bg2 O-O 5. O-O d6 6. c4 Na6 7. Nc3 c5 8. h3
cxd4 9. Nxd4 Nc5 10. Be3 a6 11. b4 Ncd7 12. Rc1 Rb8 13. Qb3 Re8 14. Rfd1 e5 15.
Nf3 Qe7 16. Nd2 Rd8 17. Nde4 Nxe4 18. Nxe4 Nf6 19. Bb6 Rd7 20. Rc3 Ne8 21. Rcd3
h6 22. Nxd6 Rxd6 23. Rxd6 Nxd6 24. Bc5 Qe8 25. Bxd6 Ra8 26. Bc7 Bf6 27. Qe3 Kg7
28. c5 Bd7 29. Bxb7 Bxh3 30. Bxa8 Qxa8 31. f3 Qe8 32. Rd5 Qa4 33. Bxe5 Be6 34.
Qf4 Bxe5 35. Qxe5+ Kh7 36. Rd8 g5 37. Qf6 1-0

[Event "Tournoi des pays de l'OTAN 2012"]
[Site "BREST (France)"]
[Date "2012.10.01"]
[Round "1.25"]
[White "Dekker, Ard"]
[Black "Franck, Boris"]
[Result "0-1"]
[WhiteElo "1866"]
[BlackElo "2087"]
[PlyCount "90"]

1. d4 g6 2. c4 Bg7 3. Nc3 d6 4. g3 e5 5. dxe5 dxe5 6. Qxd8+ Kxd8 7. e4 c6 8.
Be3 Kc7 9. O-O-O Nd7 10. Bh3 Ngf6 11. b3 Re8 12. Nge2 h5 13. f3 Bf8 14. Rd2 a6
15. Rhd1 b5 16. cxb5 axb5 17. Rc2 Kb7 18. a4 Nc5 19. Bxc8+ Rexc8 20. Bxc5 Bxc5
21. Kb2 Bf8 22. Nc1 bxa4 23. Nxa4 Ra5 24. Nd3 h4 25. Nac5+ Kb6 26. b4 Rb5 27.
Na4+ Kc7 28. Nc3 Rb7 29. Nxe5 Bxb4 30. Kc1 hxg3 31. hxg3 Ba3+ 32. Kd2 Rd8+ 33.
Ke1 Rxd1+ 34. Kxd1 Bd6 35. Nxf7 Bxg3 36. e5 Nh5 37. Nd6 Rb8 38. Nd5+ Kd7 39.
Ne3 Bxe5 40. Ne4 Rb1+ 41. Kd2 Nf4 42. Nc5+ Kc7 43. Nd3 Bd6 44. Nxf4 Bxf4 45.
Kd3 Rb3+ 0-1

[Event "Tournoi des pays de l'OTAN 2012"]
[Site "BREST (France)"]
[Date "2012.10.01"]
[Round "1.26"]
[White "Kedzierski, Slawomir"]
[Black "Ross, David"]
[Result "1-0"]
[WhiteElo "2086"]
[BlackElo "1810"]
[PlyCount "57"]

1. d4 Nf6 2. Nf3 e6 3. g3 c5 4. Bg2 Nc6 5. O-O d5 6. b3 Be7 7. Bb2 O-O 8. Nbd2
b6 9. c4 Bb7 10. Rc1 Rc8 11. cxd5 exd5 12. dxc5 Bxc5 13. a3 Re8 14. b4 Bf8 15.
Re1 g6 16. Bh3 Rc7 17. b5 Bh6 18. bxc6 Ba6 19. e3 Bg7 20. Qa4 Bd3 21. Nd4 Ne4
22. Nxe4 Rxe4 23. Bg2 Re8 24. Qd1 Bc4 25. e4 Rce7 26. Qd2 b5 27. exd5 Bxd5 28.
Rxe7 Rxe7 29. c7 1-0

[Event "Tournoi des pays de l'OTAN 2012"]
[Site "BREST (France)"]
[Date "2012.10.01"]
[Round "1.27"]
[White "Cohnen, Michael"]
[Black "Cheung, Jan"]
[Result "0-1"]
[WhiteElo "1809"]
[BlackElo "2085"]
[PlyCount "46"]

1. d4 Nf6 2. c4 c5 3. d5 b5 4. cxb5 a6 5. b6 e6 6. Nc3 Nxd5 7. Nxd5 exd5 8.
Qxd5 Nc6 9. e3 Be7 10. Bc4 O-O 11. Nf3 Rb8 12. O-O Rxb6 13. Rb1 d6 14. Bd2 Be6
15. Qd3 d5 16. Bxa6 c4 17. Bxc4 dxc4 18. Qe4 Bd5 19. Qc2 Bxf3 20. gxf3 Ne5 21.
Ba5 Nxf3+ 22. Kg2 Qd5 23. Bxb6 Ne1+ 0-1

[Event "Tournoi des pays de l'OTAN 2012"]
[Site "BREST (France)"]
[Date "2012.10.01"]
[Round "1.28"]
[White "Oltean, Gusztav"]
[Black "Giedraitis, Mingaudas"]
[Result "1-0"]
[WhiteElo "2081"]
[BlackElo "1800"]
[PlyCount "143"]

1. Nf3 Nf6 2. g3 e6 3. Bg2 d5 4. O-O c5 5. d3 Nc6 6. Nbd2 Be7 7. e4 dxe4 8.
dxe4 e5 9. c3 O-O 10. Qc2 Qc7 11. Nc4 Be6 12. Ne3 h6 13. b3 Rfd8 14. Bb2 b5 15.
Rfd1 g6 16. Ne1 Kg7 17. Nd5 Qb7 18. f4 c4 19. f5 Bxd5 20. exd5 Bc5+ 21. Kh1 Ne7
22. d6 Ned5 23. Rxd5 Nxd5 24. Qe4 gxf5 25. Qxe5+ f6 26. Qxd5 Qxd5 27. Bxd5 Rab8
28. Bg2 Bxd6 29. Nf3 f4 30. Nd4 Rd7 31. Bh3 f5 32. Bxf5 Rf7 33. Bg4 Kg6 34. Rf1
Rf6 35. gxf4 Rxf4 36. Rxf4 Bxf4 37. Kg2 a5 38. Nc6 Ra8 39. Bf3 Ra6 40. Ne7+ Kg5
41. Nd5 cxb3 42. axb3 a4 43. bxa4 bxa4 44. Ba3 Bd6 45. Nb4 Bxb4 46. cxb4 Rd6
47. b5 Rd2+ 48. Kg3 Rd3 49. Bc1+ Kf6 50. b6 Rb3 51. b7 Ke6 52. Bxh6 a3 53. Bg7
Kf5 54. h4 Kg6 55. Bh8 Kh7 56. Be5 a2 57. Kf4 Rb5 58. Be4+ Kh6 59. Bc3 Kh5 60.
Bf6 Rb6 61. Bf3+ Kh6 62. Bh8 Kh7 63. Ba1 Kh6 64. h5 Rb1 65. Be5 Rb5 66. Bh8 Kh7
67. Ba1 Rb1 68. Be4+ Kh6 69. Bh8 Kxh5 70. Kf5 Rb5+ 71. Ke6 Rb6+ 72. Ke7 1-0

[Event "Tournoi des pays de l'OTAN 2012"]
[Site "BREST (France)"]
[Date "2012.10.01"]
[Round "1.29"]
[White "Chwieseni, Edward"]
[Black "Balmaceda, Enrico"]
[Result "0-1"]
[WhiteElo "1794"]
[BlackElo "2080"]
[PlyCount "64"]

1. e4 d5 2. exd5 Qxd5 3. Qf3 Qd6 4. Bc4 Nf6 5. Nc3 c6 6. h3 Nbd7 7. d3 Ne5 8.
Qf4 Nxc4 9. Qxc4 g6 10. Bf4 Qe6+ 11. Qxe6 Bxe6 12. Nf3 Bg7 13. O-O O-O 14. Rfe1
Rfe8 15. Ng5 Bd7 16. Nge4 Nd5 17. Nxd5 cxd5 18. Nc5 Bc6 19. Be5 f6 20. Bc3 e5
21. f3 a5 22. a4 b6 23. Nb3 Rac8 24. Nd2 d4 25. Bxd4 exd4 26. Nc4 Rxe1+ 27.
Rxe1 Bxa4 28. Nxb6 Re8 29. Rxe8+ Bxe8 30. Nc4 a4 31. Kf2 Kf7 32. c3 f5 0-1